MARC details
| 000 -LEADER |
| campo de control de longitud fija |
02939cam a2200481 a 4500 |
| 001 - NÚMERO DE CONTROL |
| campo de control |
39215 |
| 005 - FECHA Y HORA DE LA ÚLTIMA TRANSACCIÓN |
| campo de control |
20230410101711.0 |
| 008 - DATOS DE LONGITUD FIJA--INFORMACIÓN GENERAL |
| campo de control de longitud fija |
950808s1995 cauab bc 000 0 eng |
| 010 ## - NÚMERO DE CONTROL DE LA BIBLIOTECA DEL CONGRESO |
| Número de control de LC |
95025101 |
| 035 ## - NÚMERO DE CONTROL DEL SISTEMA |
| Número de control de sistema |
(OCoLC)ocm33048129 |
| 040 ## - FUENTE DE CATALOGACIÓN |
| Centro catalogador/agencia de origen |
DLC |
| Centro/agencia transcriptor |
DLC |
| Centro/agencia modificador |
IOP |
| -- |
OCL |
| -- |
OCLCQ |
| -- |
BAKER |
| -- |
NLGGC |
| -- |
BTCTA |
| -- |
YDXCP |
| 020 ## - NÚMERO INTERNACIONAL ESTÁNDAR DEL LIBRO |
| Número Internacional Estándar del Libro |
0930741463 |
| 020 ## - NÚMERO INTERNACIONAL ESTÁNDAR DEL LIBRO |
| Número Internacional Estándar del Libro |
9780930741471 (pbk.) |
| 029 1# - OTRO NÚMERO DE CONTROL DE SISTEMA (OCLC) |
| Identificador de la biblioteca OCLC |
NLGGC |
| Número de control de sistema |
140636501 |
| 029 1# - OTRO NÚMERO DE CONTROL DE SISTEMA (OCLC) |
| Identificador de la biblioteca OCLC |
YDXCP |
| Número de control de sistema |
1091494 |
| 029 1# - OTRO NÚMERO DE CONTROL DE SISTEMA (OCLC) |
| Identificador de la biblioteca OCLC |
YDXCP |
| Número de control de sistema |
1091495 |
| 035 ## - NÚMERO DE CONTROL DEL SISTEMA |
| Número de control de sistema |
(OCoLC)33048129 |
| 043 ## - CÓDIGO DE ÁREA GEOGRÁFICA |
| Código de área geográfica |
nwht--- |
| -- |
fw----- |
| 050 14 - SIGNATURA TOPOGRÁFICA DE LA BIBLIOTECA DEL CONGRESO |
| Número de clasificación |
110 ND 237 |
| Número de ítem |
S123 1995 |
| 082 00 - NÚMERO DE LA CLASIFICACIÓN DECIMAL DEWEY |
| Número de clasificación |
704.9/489967 |
| Número de edición |
20 |
| 245 00 - MENCIÓN DEL TÍTULO |
| Título |
Sacred arts of Haitian vodou / |
| Mención de responsabilidad, etc. |
Donald J. Cosentino, editor. |
| 260 ## - PUBLICACIÓN, DISTRIBUCIÓN, ETC. |
| Lugar de publicación, distribución, etc. |
Los Angeles, Calif. : |
| Nombre del editor, distribuidor, etc. |
UCLA Fowler Museum of Cultural History, |
| Fecha de publicación, distribución, etc. |
c1995. |
| 300 ## - DESCRIPCIÓN FÍSICA |
| Extensión |
443 p. : |
| Otras características físicas |
ill. (some col.), map ; |
| Dimensiones |
31 cm. |
| 500 ## - NOTA GENERAL |
| Nota general |
Catalog of exhibition organized by and held at the UCLA Fowler Museum of Cultural History, and traveling to four other venues in the U.S. |
| 504 ## - NOTA DE BIBLIOGRAFÍA, ETC. |
| Nota de bibliografía, etc. |
Includes bibliographical references (p. 434-442). |
| 505 00 - NOTA DE CONTENIDO CON FORMATO |
| Título |
Imagine heaven / |
| Mención de responsabilidad |
Donald J. Cosentino -- |
| Título |
Vodun: West African roots of Vodou / |
| Mención de responsabilidad |
Suzanne Preston Blier -- |
| Título |
From the isle beneath the sea: Haiti's Africanizing Vodou art / |
| Mención de responsabilidad |
Robert Farris Thompson -- |
| Título |
Social history of Haitian Vodou / |
| Mención de responsabilidad |
Sidney Mintz & Michel-Rolph Trouillot -- |
| Título |
Underground realms of being: Vodoun magic / |
| Mención de responsabilidad |
Rachel Beauvoir-Dominique -- |
| Título |
American fantasy and Haitian Vodou / |
| Mención de responsabilidad |
Laennec Hurbon -- |
| Título |
Serving the spirits: the ritual economy of Haitian Vodou ;/ |
| Mención de responsabilidad |
Karen McCarthy Brown -- |
| Título |
The altar room: a dialogue / |
| Mención de responsabilidad |
Mama Lola & Karen McCarthy Brown. |
| 505 00 - NOTA DE CONTENIDO CON FORMATO |
| Título |
It's all for you, Sen Jak! / |
| Mención de responsabilidad |
Donald J. Consentino -- |
| Título |
Magique Marasa: the ritual cosmos of twins and other sacred children / |
| Mención de responsabilidad |
Marilyn Houlberg -- |
| Título |
My double mystic marriages to goddesses of love, an interview / |
| Mención de responsabilidad |
George Rene & Marilyn Houlberg -- |
| Título |
A sorcerer's bottle: the visual art of magic in Haiti / |
| Mención de responsabilidad |
Elizabeth McAlister -- |
| Título |
Sacred banners and the divine cavalry charge / |
| Mención de responsabilidad |
Patrick Polk -- |
| Título |
The sequin arts of Vodou / |
| Mención de responsabilidad |
Tina Girouard -- |
| Título |
The style of his hand: the iron art of Georges Liataud / |
| Mención de responsabilidad |
Randall Morris -- |
| Título |
Envoi: the Gedes and Bawon Samdi / |
| -- |
Donald J. Cosentino. |
| 650 #0 - PUNTO DE ACCESO ADICIONAL DE MATERIA--TÉRMINO DE MATERIA |
| Término de materia o nombre geográfico como elemento de entrada |
Art, Haitian |
| Subdivisión de forma |
Exhibitions. |
| 650 #0 - PUNTO DE ACCESO ADICIONAL DE MATERIA--TÉRMINO DE MATERIA |
| Término de materia o nombre geográfico como elemento de entrada |
Voodooism in art |
| Subdivisión de forma |
Exhibitions. |
| 650 #0 - PUNTO DE ACCESO ADICIONAL DE MATERIA--TÉRMINO DE MATERIA |
| Término de materia o nombre geográfico como elemento de entrada |
Art, West African |
| Subdivisión general |
Influence |
| Subdivisión de forma |
Exhibitions. |
| 650 #0 - PUNTO DE ACCESO ADICIONAL DE MATERIA--TÉRMINO DE MATERIA |
| Término de materia o nombre geográfico como elemento de entrada |
Primitivism in art |
| Subdivisión geográfica |
Haiti |
| Subdivisión de forma |
Exhibitions. |
| 650 17 - PUNTO DE ACCESO ADICIONAL DE MATERIA--TÉRMINO DE MATERIA |
| Término de materia o nombre geográfico como elemento de entrada |
Voodoo. |
| Fuente del encabezamiento o término |
gtt |
| 650 #4 - PUNTO DE ACCESO ADICIONAL DE MATERIA--TÉRMINO DE MATERIA |
| Término de materia o nombre geográfico como elemento de entrada |
CEH |
| 650 #4 - PUNTO DE ACCESO ADICIONAL DE MATERIA--TÉRMINO DE MATERIA |
| Término de materia o nombre geográfico como elemento de entrada |
Colección Estudios Haitianos |
| 700 1# - ENTRADA AGREGADA--NOMBRE PERSONAL |
| Nombre de persona |
Cosentino, Donald, |
| Fechas asociadas al nombre |
1941- |
| 710 2# - ENTRADA AGREGADA--NOMBRE DE ENTIDAD CORPORATIVA |
| Nombre de entidad corporativa o nombre de jurisdicción como elemento de entrada |
University of California, Los Angeles. |
| Unidad subordinada |
Fowler Museum of Cultural History. |
| 938 ## - |
| -- |
Baker & Taylor |
| -- |
BKTY |
| -- |
60.00 |
| -- |
45.00 |
| -- |
0930741471 |
| -- |
0002742144 |
| -- |
active |
| 938 ## - |
| -- |
Baker & Taylor |
| -- |
BKTY |
| -- |
90.00 |
| -- |
90.00 |
| -- |
0930741463 |
| -- |
0002742143 |
| -- |
active |
| 938 ## - |
| -- |
Baker and Taylor |
| -- |
BTCP |
| -- |
95025101 |
| 938 ## - |
| -- |
YBP Library Services |
| -- |
YANK |
| -- |
1091495 |
| 942 ## - ELEMENTOS DE ENTRADA SECUNDARIOS (KOHA) |
| Fuente del sistema de clasificación o colocación |
Clasificación de Library of Congress |
| Tipo de ítem Koha |
|
| 994 ## - |
| -- |
C0 |
| -- |
DRFGD |